Production of Electric Energy by Use of Wind Energy
Využívanie vetra ako jeden z najstarších spôsobov získavania energie. Veterná energia je dnes atraktívna, pretože jej použitie nie je produkovať akýkoľvek odpad, neznečisťuje vzduch a nemá negatívny vplyv na ľudské zdravie. V poslednej dobe, môžeme rozpoznať používanie tzv. "malej veternej energie r...
Guardado en:
| Autor principal: | |
|---|---|
| Otros Autores: | , , , |
| Formato: | Capítulo de libro |
| Lenguaje: | inglés |
| Materias: | |
| Etiquetas: |
Sin Etiquetas, Sea el primero en etiquetar este registro!
|
MARC
| LEADER | 00000nla a2200000 4500 | ||
|---|---|---|---|
| 001 | 0247745 | ||
| 005 | 20241107134857.2 | ||
| 041 | 0 | |a eng | |
| 044 | |a RS | ||
| 245 | 1 | 0 | |a Production of Electric Energy by Use of Wind Energy |c Naqibullah Daneshjo, Erika Dudáš-Pajerská, Vanda Lieskovská, Jana Naščáková, Enayat Danishjoo |
| 520 | |a Využívanie vetra ako jeden z najstarších spôsobov získavania energie. Veterná energia je dnes atraktívna, pretože jej použitie nie je produkovať akýkoľvek odpad, neznečisťuje vzduch a nemá negatívny vplyv na ľudské zdravie. V poslednej dobe, môžeme rozpoznať používanie tzv. "malej veternej energie rastlín "v domácnostiach. Prehľad a technologické riešenia, ktoré je potrebné zohľadniť pri návrhu a realizácie výstavby veternej elektrárne. | ||
| 610 | 2 | 0 | |a výroba energie |
| 610 | 2 | 0 | |a energia veterná |
| 610 | 2 | 0 | |a zdroje prírodné |
| 610 | 2 | 0 | |a elektrárne |
| 610 | 2 | 0 | |a elektrárne veterné |
| 610 | 2 | 0 | |a zdroje energie prírodné |
| 100 | 1 | |a Daneshjo, Naqibullah, 1964- | |
| 700 | 1 | |a Dudáš-Pajerská, Erika, 1988- | |
| 700 | 1 | |a Lieskovská, Vanda, 1961- | |
| 700 | 1 | |a Naščáková, Jana | |
| 700 | 1 | |a Danishjoo, Enayat | |